000 00632nam a22002057a 4500
003 OSt
005 20230824105541.0
008 221006b |||||||| |||| 00| 0 eng d
040 _cBiblioteca Lado V
082 _a757
_bL583l
130 _aLEONEL
_lspa
245 _aLeonel/
260 _bCosta Rica
_c1995
300 _c22x25cm
_a40p.
650 _2Tesauro de Arte & Arquitectura
_aARTE
650 _2Tesauro de Arte & Arquitectura
_aPINTURA
_9702
650 _2Tesauro de Arte & Arquitectura
_aRETRATOS
_9703
650 _2Tesauro de Arte & Arquitectura
_aFIGURAS HUMANAS
942 _2ddc
_c1
_h757
_iL583l
_n0
999 _c4214
_d4214